Präsidenten der Vereinigten Staaten - Statistiken

Allgemein
  • Dieses Quiz wurde 104 mal gespielt
  • Das Durchschnittsergebnis liegt bei 23 aus 45
Antwortstatistiken
Bildquiz Antwort % Korrekt
Donald Trump
99%
George Washington
98%
Barack Obama
97%
George H. W. Bush
97%
George W. Bush
97%
Joe Biden
91%
John F. Kennedy
91%
Abraham Lincoln
90%
Bill Clinton
90%
Richard Nixon
83%
Ronald Reagan
82%
Franklin Delano Roosevelt
74%
Theodore Roosevelt
74%
Dwight Eisenhower
68%
Jimmy Carter
65%
Andrew Johnson
58%
Gerald Ford
58%
Harry Truman
58%
John Adams
58%
John Quincy Adams
58%
Lyndon B. Johnson
58%
Thomas Jefferson
56%
Andrew Jackson
40%
Herbert Hoover
40%
Woodrow Wilson
39%
James A. Garfield
36%
Benjamin Harrison
32%
Ulysses S. Grant
32%
William Henry Harrison
32%
Grover Cleveland
30%
James Madison
30%
Martin Van Buren
30%
Zachary Taylor
28%
James Monroe
27%
William Howard Taft
26%
Chester Arthur
24%
James Knox Polk
23%
John Tyler
23%
William McKinley
22%
Calvin Coolidge
20%
Franklin Pierce
20%
James Buchanan
20%
Rutherford B. Hayes
20%
Warren G. Harding
20%
Milard Fillmore
19%
Keine übereinstimmenden Quizze gefunden
Verteilung der Resultate
Anzahl Personen mit jedem Resultat
Perzentil nach korrekt beantworteten Fragen
Ihre Resultats-Entwicklung
Sie haben dieses Quiz noch nicht gespielt